00643 2200193 4500001002100000005001500021035002000036007000300056008003900059082001800098084002400116100002200140245015100162260004100313300004200354650001100396650002900407022001300436INLIS00000000000107220241024085939 a0010-1024000042ta241024 | | |  a636.089-636.2 a636.089-636.2 POO d0 aPoonsuk, Korakrit1 aDetection of Mannheimia haemolytica-Specific IgG, IgM and IgA in Sera and Their Relationship to Respiratory Disease in Cattle /cPoonsuk, Korakrit aSwitzerland, Basel :bMDPI AG,c2023 a1-16 hlm, :bilus, ;c21 cm X 29,5 cm 4aJurnal 4aPencegahan Penyakit Sapi a20762615